000 01193nam a2200241Ia 4500
003 OSt
005 20210608143851.0
008 210310s1990 cl ad gr 000 0 spa d
040 _aCO-JMCR
_cCO-JMCR
041 0 _aspa
082 0 4 _a338.98 /
_bC733t
_223
110 1 _aNaciones Unidas
_937599
245 1 0 _aTransformación productiva con equidad :
_bla tarea del desarrollo de América Latina y el Caribe en los años noventa /
_cNaciones Unidas ; Comisión Económica para América Latina y el Caribe
260 _aSantiago de Chile :
_bCepal,
_c1990.
300 _a185 páginas :
_bilustraciones y gráficas en blanco y negro ;
_c24 cm.
504 _aBibliografía: páginas 181-185.
505 0 _aEl punto de partida. -- Principales condiciones para una transformación productiva con equidad social. -- Fundamentos de la transformación productiva con equidad social y dilemas que plantea. -- La transformación productiva y la integración económica.
650 1 4 _aEquidad social.
_926222
650 2 4 _aIntegración económica
_938201
650 2 4 _aTransformación productiva
_938202
710 1 _aComisión Económica para América Latina y el Caribe
_93019
942 _2ddc
_cBK
999 _c11698
_d11698